Hacia un modelo de servicio contra incendios y salvamento
Publicado:
San Jorge, núm. 101 - 102 (setembre 1977), pàg 95 :
MARC
| LEADER | 00000nam a2200000Ia 4500 | ||
|---|---|---|---|
| 001 | |||
| 008 | 160829s9999 xx 000 0 cat d | ||
| 245 | |a Hacia un modelo de servicio contra incendios y salvamento | ||
| 260 | |a San Jorge, núm. 101 - 102 (setembre 1977), pàg 95 | ||
| 650 | |a Incendis |x Prevenció |x Barcelona (Província) |9 42932 | ||
| 650 | 0 | |a Congressos i conferències |9 48301 | |
| 901 | |a Arxiu | ||
| 942 | |n 1 | ||
| 952 | |0 0 |1 0 |4 0 |7 1 |9 51094 |a Arxiu |b Arxiu |d 2016-12-01 |l 0 |r 2016-12-01 00:00:00 |w 2016-12-01 |y ARXIU | ||
| 999 | |c 54937 |d 54937 | ||